Statistics for Capital cities of North & South America: 6 or fewer letters

Click here to take the quiz!

General Stats

  • This quiz has been taken 35 times
  • The average score is 7 of 9

Answer Stats

Answer% Correct
Lima
94%
Bogota
87%
Quito
87%
Havana
84%
Ottawa
84%
La Paz
71%
Nassau
71%
Sucre
68%
Roseau
45%

Score Distribution

Percentile by Number Answered

Percent of People with Each Score

Your Score History

You have not taken this quiz